Je „daňová amnestia“ pre všetkých?
Dňa 1. 10. 2025 nadobudlo účinnosť nariadenie vlády SR č. 243/2025 Z. z. o zániku daňového nedoplatku zodpovedajúceho nezaplatenej sankcii prislúchajúcej k zaplatenej dani a o upustení od uloženia pokuty a od vyrubenia úroku z omeškania. Článok opisuje, na aké prípady a na ktoré dane sa „daňová amne...
Saved in:
| Main Author: | |
|---|---|
| Format: | Book Chapter |
| Subjects: | |
| Tags: |
No Tags, Be the first to tag this record!
|
MARC
| LEADER | 00000naa a2200000 4500 | ||
|---|---|---|---|
| 001 | 0313494 | ||
| 005 | 20251204154908.4 | ||
| 044 | |a SK | ||
| 245 | 1 | 0 | |a Je „daňová amnestia“ pre všetkých? |c Ingrid Spišáková |
| 520 | |a Dňa 1. 10. 2025 nadobudlo účinnosť nariadenie vlády SR č. 243/2025 Z. z. o zániku daňového nedoplatku zodpovedajúceho nezaplatenej sankcii prislúchajúcej k zaplatenej dani a o upustení od uloženia pokuty a od vyrubenia úroku z omeškania. Článok opisuje, na aké prípady a na ktoré dane sa „daňová amnestia“ vzťahuje. Zaplatenie už existujúceho daňového nedoplatku, podanie riadneho daňového priznania a dodatočného daňového priznania, ako správca dane vypočíta sankcie a za čo hrozia daňovým subjektom sankcie. | ||
| 610 | 2 | 0 | |a účtovníctvo daňové |
| 610 | 2 | 0 | |a správa daňová |
| 610 | 2 | 0 | |a daňovníci |
| 610 | 2 | 0 | |a úľavy daňové |
| 610 | 2 | 0 | |a nedoplatky |
| 610 | 2 | 0 | |a sankcie |
| 610 | 2 | 0 | |a delikty správne |
| 610 | 2 | 0 | |a priznania daňové |
| 610 | 2 | 0 | |a zákony |
| 610 | 2 | 0 | |a novelizácia |
| 100 | 1 | |a Spišáková, Ingrid | |